Normal view
MARC view
- Intermediation (Finance)
Entry Topical Term
001 - CONTROL NUMBER
- control field: 99781
003 - CONTROL NUMBER IDENTIFIER
- control field: NUST
005 - DATE AND TIME OF LATEST TRANSACTION
- control field: 20221011102330.0
008 - FIXED-LENGTH DATA ELEMENTS
- fixed length control field: 221011|| aca||aabn | a|a d
040 ## - CATALOGING SOURCE
- Original cataloging agency: NUST
- Transcribing agency: NUST
150 ## - HEADING--TOPICAL TERM
- Topical term or geographic name entry element: Intermediation (Finance)
670 ## - SOURCE DATA FOUND
- Source citation: Work cat.: (NUST)0: Sung, Yun-Wing 1948- 99780, The China--Hong Kong connection :, 1991.
